| 000 | 00632nam a2200193Ia 4500 | ||
|---|---|---|---|
| 001 | 64925 | ||
| 003 | OSt | ||
| 005 | 20160416110544.0 | ||
| 008 | 150303s9999 xx 000 0 und d | ||
| 020 | _a9789699739446 | ||
| 040 | _cPK-LaUMT | ||
| 082 |
_a 320.95491 _bSUL-P |
||
| 100 | _aSulman Abid | ||
| 245 |
_a(پاکستان میں جمہوریت کے تداضات)Pakistan mein jamhoriyyat kay tadazaat (Urdu) _c(سلیمان عابد)Sulman Abid |
||
| 260 |
_a(لاہور،پاکستان)Lahore,Pakistan: _b(جمہوری پبلیکیشنز)Jumhoori Publications, _c2013 |
||
| 300 | _a280 p. | ||
| 546 | _aUR | ||
| 942 |
_cBK _2ddc |
||
| 999 |
_c66969 _d66969 |
||